BYU: Ultimate Quiz - Statistics

General Stats
  • This quiz has been taken 57 times
  • The average score is 6 of 15
Answer Stats
Hint Answer % Correct
What kind of animal is the mascot? Cougar
98%
What "BYU" stands for: Brigham Young University
96%
Name of mascot: Cosmo
91%
City BYU resides in: Provo
91%
Football coach during the 2024 Season: Kalani Sitake
62%
Year of BYU's founding: 1875
40%
Name of BYU's president in 2024: Shane Reese
29%
What is banned for men to wear based on the honor code? Beards
22%
Initials of the former (RIP) music building: HFAC
22%
Most hated building on Campus? MARB
22%
Most popular Intramural Sport (two words): Ultimate Frisbee
22%
School Located in the basement of the Kimball Tower: Nursing
20%
Famous substitute for alcoholic or caffeinated beverages (two words): Chocolate milk
16%
Library Initials: HBLL (Harold B. Lee Library)
11%
Most Popular Creamery Ice cream Flavor (two words): Grahm Canyon
4%
No matching quizzes found
Score Distribution
Percent of People with Each Score
Percentile by Number Answered
Your Score History
You have not taken this quiz